LEADER 01954nam a2200373 i 4500 001 000000039627 003 CaOOAMICUS 005 20131031000000.0 008 131031s1993 xx u000 u ger u 013 $a10403 020 $a3-451-02146-3 040 $aSeMil$bita 245 14$aDer neue Bund im Alten :$bStudien zur Bundestheologie der beiden Testamente /$cChristoph Dohmen ... [et al.] ; hrsg. von Erich Zenger. 260 $aFreiburg ; Basel ; Wien :$bHerder,$c1993. 300 $a212 p. ;$c22 cm. 490 0 $aQuaestiones disputatae ;$v146 650 4$aBibbia - Tema [dell'] Alleanza.$0(OLS)http://semarc/subject/8210 650 4$aTeologia biblica.$0(OLS)http://semarc/subject/438 700 1 $aZenger, Erich,$d<1939-2010>.$0(OLS)http://semarc/name/2584 700 1 $aDohmen, Christoph.$0(OLS)http://semarc/name/18175 774 0 $aDohmen, Christoph$tSinaibund als Neuer Bund nach Ex 19-34.$w()303712 774 0 $aSchenker, Adrian $tNie aufgehobene Bund Exegetische Beobachtungen zu Jer 31, 31l.$w()303713 774 0 $aJuengling, Hans-Winfried$tEid und Bund in Ez 16-17.$w()303714 774 0 $aGroß, Walter$tIsrael und die Völker.$w()303715 774 0 $aHossfeld, Frank-Lothar <1942-2015>$tBundestheologie im Psalter.$w()303716 774 0 $aMarböck, Johannes$tGeschichte Israel als Bundesgeschichte nach dem Sirachbuc 1.$w()303717 774 0 $aLang, Bernhard$tBecher als Bundeszeichen.$w()303718 830 0$aQuaestiones disputatae ;$v146.$0(OLS)http://semarc/title/436628 850 $aSeMil 852 $aSeMil$W1$xVenegono$y1$m2M I 498$j5782$B5782$CSeMilBibl$Z2$F5782 $81 961 $aAcquisto: Casa editrice 996 $6020$a3-451-02146-3$9(OLS)http://semarc/number/9373 996 $6245$aDer neue Bund im Alten :$bStudien zur Bundestheologie der beiden Testamente$9(OLS)http://semarc/title/56542 996 $6260$aFreiburg ; Basel ; Wien :$bHerder$9(OLS)http://semarc/publisher/29643 LEADER 01855nam a2200349 i 4500 001 000000181982 003 CaOOAMICUS 005 20091005000000.0 008 091005s2009 it u000 u ita u 013 $a159908 020 $a978-88-514-0705-6 040 $aSeMil$bita 100 1 $aPaleari, Marco <1968- >.$0(OLS)http://semarc/name/92144 245 10$aAttori di riconciliazione :$bprospettive teologiche e pastorali per ripensare il sacramento della Penitenza /$cMarco Paleari. 260 $aMilano :$bÀncora,$c2009. 300 $a142 p. ;$c21 cm. 490 0 $aDossier teologici del Seminario di Milano 650 4$aPenitenza - Teologia.$0(OLS)http://semarc/subject/4659 650 4$aPenitenza - Pastorale.$0(OLS)http://semarc/subject/5177 774 0 $aBusca, Marco <1951- >$tProcesso di riforma penitenziale ancora aperto.$w()307080 774 0 $aCaspani, Pierpaolo <1960- >$tEucaristia e remissione dei peccati.$w()307081 774 0 $aFumagalli, Aristide <1962- >$tPeccato come disamore.$w()307082 774 0 $aParolari, Enrico <1964- >$tConfessione, racconto e forme di ascolto pastorale.$w()307083 774 0 $aComo, Giuseppe <1961- >$tConversione e penitenza.$w()307084 774 0 $aPaleari, Marco <1968- >$tDramma" della riconciliazione.$w()307085 830 0$aDossier teologici del Seminario di Milano.$0(OLS)http://semarc/title/26539 850 $aSeMil 852 $aSeMil$W1$xVenegono$y1$m2KA X 2$j228263$B132686$CSeMilBibl$Z2$F144566 $81 961 $aOmaggio: Paleari don Marco 996 $6020$a978-88-514-0705-6$9(OLS)http://semarc/number/171521 996 $6245$aAttori di riconciliazione :$bprospettive teologiche e pastorali per ripensare il sacramento della Penitenza$9(OLS)http://semarc/title/261159 996 $6260$aMilano :$bÀncora$9(OLS)http://semarc/publisher/29763